|
|
|
|
| LEADER |
00000nab a2200000 a 4500 |
| 001 |
vtls000477424 |
| 003 |
SK-MaSNL |
| 005 |
20260303212930.0 |
| 008 |
230217c1993 xo 0 slo |
| 015 |
|
|
|a SNBRB19rr/mm-uuuuu
|
| 035 |
|
|
|a CL0477558
|
| 035 |
|
|
|a urn:nbn:sk:snk-ab1jeu
|
| 035 |
|
|
|a (urnnbn)urn:nbn:sk:snk:ar-0045si
|
| 035 |
|
|
|a (uuid)7af7a186-28b5-418b-a6f7-0d2a78992fed
|
| 040 |
|
|
|a SNKBUCL
|b slo
|c SNKBUCL
|e AACR2
|
| 041 |
0 |
|
|a slo
|
| 044 |
|
|
|a xo
|c SK
|
| 080 |
|
|
|a 177
|2 1981
|
| 100 |
1 |
|
|a Palovičová, Terézia Zuzana,
|d 1956-
|4 aut
|9 158201
|
| 245 |
1 |
0 |
|a Egoizmus človeka a vznešenosť prírody
|b Filozofia vzťahu ľudí k "vonkajšiemu" svetu
|c Zuzana Palovičová
|
| 300 |
|
|
|b Fotogr. 1
|
| 650 |
0 |
7 |
|a príroda (filoz.)
|2 snkbucl
|9 1246229
|
| 650 |
0 |
7 |
|a človek (filozofia)
|2 snkbucl
|9 719706
|
| 655 |
|
7 |
|a články z novín a časopisov
|2 snkbucl
|9 267496
|
| 773 |
0 |
|
|t Historická revue
|g Roč. 4, č. 1 (1993), s. 26-27
|
| 850 |
|
|
|a Slovenská národná knižnica v Martine
|a MTA001
|
| 852 |
|
|
|a SNK
|b KIS3GCP
|
| 954 |
|
|
|a odborná, vedecká literatúra pôvodná (slovenská)
|2 lita
|
| 958 |
|
|
|a RK
|
| 958 |
|
|
|a OND
|
| 958 |
|
|
|a EUIPO
|
| 958 |
|
|
|a article27
|
| 992 |
|
|
|a RBX
|
| 999 |
|
|
|c 2209785
|d 2211715
|